|
|
แสดงรายละเอียดบรรณานุกรม |
|
|
Brief Record
: Get Marc (ISO 2709)
: E-mail record
: |
|
|
|
| LEADER 00000nama 2200000uu 4500 | |||
| 001 199488 | |||
| 003 ULIBM | |||
| 008 040531s|||| th m m a000 0 tha d | |||
| 020 ^a9789740322108 | |||
| 041 tha | |||
| 050 WY20.5 ร373 2552 | |||
| 100 รัตน์ศิริ ทาโต. | |||
| 245 การวิจัยทางการพยาบาลศาสตร์ : แนวคิดสู่การประยุกต์ใช้ = Nursing research : concepts to application/iy9oNLbib mkF9. | |||
| 250 พิมพ์ครั้งที่ 2. | |||
| 260 2552. จุฬาลงกรณ์มหาวิทยาลัย. กรุงเทพฯ. | |||
| 300 309 หน้า. | |||
| 650 1.การพยาบาล--วิจัย | |||
| 999 ^aใช้งานได้ทุกระบบ | |||
| คุณยังไม่ได้ล็อกอิน คุณสามารถมีกิจกรรมร่วมกับเว็บไซต์ได้ แต่ต้องล็อกอินก่อน :: |
|
| สถานะ | |||||||||
| 1. | หนังสือทั่วไป | WY20.5 ร373 2552 | On Shelf ขอยืม | ||||||
| 2. | หนังสือทั่วไป | WY20.5 ร373 2552 | On Shelf ขอยืม | ||||||
| 3. | หนังสือทั่วไป | WY20.5 ร373 2552 | On Shelf ขอยืม | ||||||
| [แสดง 3/3 รายการ] | |||||||||
| รายการใกล้เคียง หัวเรื่อง [1.การพยาบาล--วิจัย]
|
BibComment |
| คอมเมนท์ทรัพยากรรายการนี้ |
|
|